000 00439nam a22001817a 4500
999 _c27622
_d27622
003 OSt
005 20250213103233.0
008 250213b ||||| |||| 00| 0 eng d
040 _cimukc
041 _aeng
082 _a828.808
_bY41
100 _95737
_aYeats, W. B.
245 _aMythologies /
_cW.B. Yeats
260 _aLondon :
_bMacmillan & Co Ltd,
_c1959.
300 _a369 p.
650 0 _94805
_aShort Stories
942 _2ddc
_cBK